[Event "Velika Gorica op 9th"]
[Site "Velika Gorica"]
[Date "2010.08.26"]
[Round "4"]
[White "Salic, Zeljko"]
[Black "Purgar, Ivona"]
[Result "0-1"]
[WhiteElo "1927"]
[BlackElo "2104"]
[PlyCount "56"]
[EventDate "2010.08.23"]
[EventType "swiss"]
[EventRounds "9"]
[EventCountry "CRO"]
[SourceTitle "CBM 138 Extra"]
[Source "ChessBase"]
[SourceDate "2010.10.29"]
[SourceVersion "1"]
[SourceVersionDate "2010.10.29"]
[SourceQuality "1"]

1. e4 c5 2. Nf3 e6 3. d3 Nc6 4. Nc3 d6 5. g3 g6 6. Bg2 Bg7 7. 0-0 Nge7 8. Be3 0-0 9. Qd2 Rb8 10. d4 cxd4 11. Nxd4 Ne5 12. Qe2 a6 13. a4 Qc7 14. Bg5 h6 15. Bxe7 Qxe7 16. f4 Nc6 17. Nxc6 bxc6 18. Rab1 a5 19. Nd1 Qa7+ 20. Nf2 Rxb2 21. Rxb2 Bxb2 22. Kh1 Ba6 23. Nd3 d5 24. f5 dxe4 25. Bxe4 exf5 26. Bxc6 Rc8 27. Bd5 Qd7 28. c4 Bd4 0-1

[Event "Velika Gorica op 9th"]
[Site "Velika Gorica"]
[Date "2010.08.24"]
[Round "2"]
[White "Salic, Zeljko"]
[Black "Kinez, Ivo"]
[Result "1-0"]
[WhiteElo "1927"]
[BlackElo "2111"]
[PlyCount "167"]
[EventDate "2010.08.23"]
[EventType "swiss"]
[EventRounds "9"]
[EventCountry "CRO"]
[SourceTitle "CBM 138 Extra"]
[Source "ChessBase"]
[SourceDate "2010.10.29"]
[SourceVersion "1"]
[SourceVersionDate "2010.10.29"]
[SourceQuality "1"]

1. e4 c5 2. Nf3 d6 3. d3 Nc6 4. Nc3 g6 5. Be3 Bg7 6. Qd2 e6 7. Be2 Nd4 8. Bg5 Qa5 9. Rb1 Nxe2 10. Kxe2 b5 11. a3 Bb7 12. Rhe1 b4 13. Nd1 f6 14. Bf4 e5 15. Be3 Ne7 16. axb4 cxb4 17. b3 0-0 18. Kf1 Rfc8 19. Nb2 d5 20. exd5 Nxd5 21. Nc4 Qc7 22. Bh6 Nc3 23. Ra1 Bxf3 24. gxf3 Qd7 25. Kg2 Rd8 26. Bxg7 Kxg7 27. Ra6 Nd5 28. Re4 Nf4+ 29. Rxf4 exf4 30. Qxb4 Rab8 31. Qc5 Rb7 32. Qa5 Qd4 33. h4 Rd5 34. Qd2 Rbd7 35. Qe2 Kh6 36. Qe6 f5 37. Qf6 Qxf6 38. Rxf6 Kh5 39. Kh3 h6 40. Re6 g5 41. hxg5 hxg5 42. Kg2 g4 43. fxg4+ fxg4 44. Re4 Kg5 45. Re8 Rg7 46. Re4 Rh7 47. Kg1 Rh3 48. b4 g3 49. fxg3 Rxg3+ 50. Kf2 Rh3 51. Kg2 Rh7 52. Ne5 Kf5 53. Nf3 Rg7+ 54. Kf2 Rc7 55. Nd4+ Kg4 56. c4 Rd6 57. Nb5 Rcd7 58. Nxd6 Rxd6 59. d4 Rh6 60. Kg2 Ra6 61. c5 Ra2+ 62. Kf1 Kf3 63. Re1 Rh2 64. Kg1 Kg3 65. Re8 Rc2 66. Rg8+ Kf3 67. d5 Rc1+ 68. Kh2 Ke3 69. Re8+ Kf2 70. c6 Rc4 71. Rf8 f3 72. Kh3 Ke2 73. Kg3 Rc3 74. Re8+ Kf1 75. Rf8 f2+ 76. Kh2 Ke1 77. b5 Rc5 78. d6 f1Q 79. Rxf1+ Kxf1 80. d7 Kf2 81. Kh3 Kf3 82. Kh4 Rd5 83. c7 Rxd7 84. c8Q 1-0

[Event "Topusko op"]
[Site "Topusko"]
[Date "2009.11.23"]
[Round "6"]
[White "Dejanovic, Mladen"]
[Black "Salic, Zeljko"]
[Result "1-0"]
[WhiteElo "2054"]
[BlackElo "1946"]
[PlyCount "99"]
[EventDate "2009.11.20"]
[EventType "swiss"]
[EventRounds "7"]
[EventCountry "CRO"]
[SourceTitle "CBM 133 Extra"]
[Source "ChessBase"]
[SourceDate "2010.01.05"]
[SourceVersion "1"]
[SourceVersionDate "2010.01.05"]
[SourceQuality "1"]

1. e4 e5 2. Nf3 Nc6 3. Bb5 a6 4. Ba4 d6 5. c3 Nf6 6. d3 Be7 7. 0-0 0-0 8. h3 h6 9. Re1 b5 10. Bc2 Re8 11. Nbd2 Bb7 12. Nf1 b4 13. Ba4 bxc3 14. bxc3 Nd7 15. Ne3 Nc5 16. Bc2 g6 17. Nd5 Bf8 18. Nh2 Bg7 19. Ng4 Kh7 20. Qd2 h5 21. Nh2 Ne7 22. Nxe7 Qxe7 23. Qe2 Bc8 24. Be3 Ne6 25. Qd2 Bd7 26. Rab1 Rab8 27. Nf3 Qf8 28. Bb3 f6 29. Rb2 Bh6 30. Reb1 Bxe3 31. Qxe3 Nc5 32. Nh4 a5 33. Bf7 g5 34. Bxe8 Rxb2 35. Bg6+ Kg7 36. Rxb2 gxh4 37. Bxh5 Qh8 38. Bd1 Be6 39. d4 Nd7 40. d5 Bf7 41. Rb7 Nc5 42. Rb5 Qa8 43. Bc2 c6 44. Rb6 cxd5 45. Rxd6 Nxe4 46. Bxe4 dxe4 47. a3 Qb8 48. Qb6 Qxb6 49. Rxb6 a4 50. Rb4 1-0

[Event "Topusko op"]
[Site "Topusko"]
[Date "2009.11.22"]
[Round "5"]
[White "Salic, Zeljko"]
[Black "Popovic, Ivo"]
[Result "1-0"]
[WhiteElo "1946"]
[BlackElo "2236"]
[PlyCount "71"]
[EventDate "2009.11.20"]
[EventType "swiss"]
[EventRounds "7"]
[EventCountry "CRO"]
[SourceTitle "CBM 133 Extra"]
[Source "ChessBase"]
[SourceDate "2010.01.05"]
[SourceVersion "1"]
[SourceVersionDate "2010.01.05"]
[SourceQuality "1"]

1. e4 e5 2. Nf3 Nc6 3. Nc3 Nf6 4. d3 h6 5. Be2 d5 6. exd5 Nxd5 7. Nxd5 Qxd5 8. 0-0 Be7 9. Re1 0-0 10. a3 Bf5 11. Be3 Rad8 12. Nd2 e4 13. dxe4 Bxe4 14. Nxe4 Qxe4 15. Bd3 Qh4 16. Qf3 Ne5 17. Qxb7 Ng4 18. h3 Bd6 19. hxg4 Qh2+ 20. Kf1 Rfe8 21. Qf3 Qh1+ 22. Ke2 Qh4 23. Rh1 Qe7 24. Kf1 Be5 25. Qe4 Rxd3 26. cxd3 Qd7 27. Qc4 Bxb2 28. Rb1 Bxa3 29. Bxa7 c5 30. Bxc5 Bxc5 31. Rh5 Bf8 32. Rf5 g6 33. Rf6 Kg7 34. Rf3 Re6 35. Qb5 Qd4 36. Qb2 1-0

[Event "Topusko op"]
[Site "Topusko"]
[Date "2009.11.21"]
[Round "3"]
[White "Salic, Zeljko"]
[Black "Petricevic, Petar"]
[Result "1/2-1/2"]
[WhiteElo "1946"]
[BlackElo "1980"]
[PlyCount "22"]
[EventDate "2009.11.20"]
[EventType "swiss"]
[EventRounds "7"]
[EventCountry "CRO"]
[SourceTitle "CBM 133 Extra"]
[Source "ChessBase"]
[SourceDate "2010.01.05"]
[SourceVersion "1"]
[SourceVersionDate "2010.01.05"]
[SourceQuality "1"]

1. e4 c6 2. d4 e6 3. Nf3 d5 4. exd5 cxd5 5. Bd3 Nc6 6. c3 f5 7. Bg5 Nf6 8. Nbd2 Bd6 9. Qe2 0-0 10. 0-0 Qc7 11. Bxf6 Rxf6 1/2-1/2